header

A passion for friends (Record no. 21792)

MARC details
000 -LEADER
fixed length control field 01216nam a2200325 a 4500
100 1# - MAIN ENTRY--AUTHOR NAME
Personal name Raymond, Janice G.
245 12 - TITLE STATEMENT
Title A passion for friends
260 ## - PUBLICATION, DISTRIBUTION, ETC. (IMPRINT)
Place of publication North Melbourne, Vic. :
Name of publisher Spinfex,
Year of publication 2001.
300 ## - PHYSICAL DESCRIPTION
Number of Pages xv, 275 p.
650 #0 - SUBJECT ADDED ENTRY--TOPICAL TERM
Topical Term Women
Topical Term Female friendship.
Topical Term Interpersonal relations.
Topical Term Feminism.
856 40 - ELECTRONIC LOCATION AND ACCESS
Uniform Resource Identifier http://site.ebrary.com/lib/rucke/Doc?id=10273668

No items available.

© 2026 Rongo University
Contact us: librarian | system librarian | Rongo university